| 000 | 00970nas a2200313 4500 | ||
|---|---|---|---|
| 001 | BR2012002621 | ||
| 003 | BR-BrBNA | ||
| 005 | 20231205120424.0 | ||
| 007 | ta | ||
| 008 | 230509b bl.|||p| |||| 00| 00por d | ||
| 040 |
_aBR-BrBNA _bpor _cBiblioteca Nacional de Agricultura |
||
| 041 | _a(Pt) | ||
| 072 | _aF03 | ||
| 100 | 1 | _aBergo, C.L. | |
| 100 | 1 | _aSilva, R.C. da | |
| 100 | 1 | _aOhlson, O. de C. | |
| 100 | 1 | _aBiasi, L.A. | |
| 100 | 1 | _aPanobianco, M. | |
| 245 | 1 | _aLuz e temperatura na germinação de sementes de pimenta longa (Piper hispidinervum)e pimenta-de-macaco (Piper aduncum) | |
| 650 | _aPIMENTA LONGA | ||
| 650 | _aPIMENTA-DE-MACACO | ||
| 650 | _aGERMINAÇÃO | ||
| 650 | _aTEMPERATURA | ||
| 650 | _aQUALIDADE | ||
| 650 | _aRADIAÇÃO LUMINOSA | ||
| 773 | 0 |
_tRevista Brasileira de Sementes (Brazil) _xISSN 0101-3122 _g(Sep 2010), v. 32(3) p. 170-176 _wBR2012002621 |
|
| 909 |
_a202311 _bLúcia _c55 _dLúcia Elande |
||
| 942 |
_2AGRIS _n0 _cANA |
||
| 999 |
_c218416 _d218416 |
||